Ч. 2; Тезисы докладов XIII Всесоюзной конференции по акустоэлектронике и квантовой акустике, 8-10 октября 1986 г., Черновцы

Bibliografiske detaljer
Parent link:Тезисы докладов XIII Всесоюзной конференции по акустоэлектронике и квантовой акустике, 8-10 октября 1986 г., Черновцы/ Академия наук СССР (АН СССР), Институт радиотехники и электроники (ИРЭ) ; Академия наук Украинской ССР (АН УССР), Институт полупроводников (ИП) ; Киевский государственный университет им. Т. Г. Шевченко ; Черновицкий государственный университет. Ч. 2.— : [Б. и.], 1986
Sprog:russisk
Udgivet: 1986
Fag:
Format: MixedMaterials Bog
KOHA link:https://koha.lib.tpu.ru/cgi-bin/koha/opac-detail.pl?biblionumber=271312

MARC

LEADER 00000nam2a2200000 4500
001 271312
005 20231101234426.0
020 |a RU  |b 86-97864 
035 |a (RuTPU)RU\TPU\book\294493 
090 |a 271312 
100 |a 20141006d1986 k y0rusy5003 ca 
101 0 |a rus 
102 |a UA 
105 |a a z 101zy 
200 0 |a Ч. 2 
210 |d 1986 
215 |d 20 см  |a 376 с.  |c ил. 
320 |a Библиография в конце статей 
461 1 |0 (RuTPU)RU\TPU\book\293843  |t Тезисы докладов XIII Всесоюзной конференции по акустоэлектронике и квантовой акустике, 8-10 октября 1986 г., Черновцы  |f Академия наук СССР (АН СССР), Институт радиотехники и электроники (ИРЭ) ; Академия наук Украинской ССР (АН УССР), Институт полупроводников (ИП) ; Киевский государственный университет им. Т. Г. Шевченко ; Черновицкий государственный университет  |v Ч. 2  |n [Б. и.]  |d 1986 
606 1 |a Акустика техническая  |2 stltpush  |3 (RuTPU)RU\TPU\subj\1702  |9 30410 
606 1 |a Акустоэлектроника  |x (физика)  |2 stltpush  |3 (RuTPU)RU\TPU\subj\1713  |9 30419 
610 1 |a квантовая алгебра 
610 1 |a квантовые акустические явления 
610 1 |a твердое тело 
610 1 |a физическая акустика 
610 1 |a акустоэлектронные приборы 
610 1 |a материалы 
610 1 |a технологии 
610 1 |a конференции 
675 |a 534.8(063)  |z rus  |v 3 
675 |a 534.2(063)  |z rus  |v 3 
801 0 |a RU  |b RuMRKP  |c 19950417  |g psbo 
801 1 |a RU  |b 63413507  |c 20141006 
801 2 |a RU  |b 63413507  |c 20161208  |g RCR 
942 |c BK